Environmental Studies : Challenges & Solutions A Quick Compendium (Record no. 57928)

MARC details
000 -LEADER
fixed length control field 00504nam a2200181Ia 4500
008 - FIXED-LENGTH DATA ELEMENTS--GENERAL INFORMATION
fixed length control field 230524s9999 xx 000 0 und d
020 ## - INTERNATIONAL STANDARD BOOK NUMBER
ISBN 9789382332589
082 ## - DEWEY DECIMAL CLASSIFICATION NUMBER
Classification number 363.7
Item number GAU
100 ## - MAIN ENTRY--AUTHOR NAME
Personal name Nidhi Gauba Dhawan
245 #0 - TITLE STATEMENT
Title Environmental Studies : Challenges & Solutions A Quick Compendium
250 ## - EDITION STATEMENT
Edition statement 1
260 ## - PUBLICATION, DISTRIBUTION, ETC. (IMPRINT)
Place of publication New Delhi
Name of publisher I.K.International
Year of publication 2014
300 ## - PHYSICAL DESCRIPTION
Number of Pages "V,301p:"
500 ## - GENERAL NOTE
General note Quantity Number: 1
650 ## - SUBJECT ADDED ENTRY--TOPICAL TERM
Topical Term Environmental
700 ## - ADDED ENTRY--PERSONAL NAME
Personal name Kiran Bisht
942 ## - ADDED ENTRY ELEMENTS (KOHA)
Koha item type Books
Holdings
Lost status Damaged status Permanent Location Current Location Shelving location Date acquired Full call number Accession Number Koha item type
    Central Library, Trident Academy of Technology Central Library, Trident Academy of Technology General Stacks 05/24/2023 363.7 GAU 54219 Books
Trident Academy of Technology © 2023.
All rights reserved.                                                                                                                                                                                                        Designed by Team of Central Library .

Powered by Koha